| 000 | 01066cam a2200349 i 4500 | ||
|---|---|---|---|
| 650 | 7 |
_969977 _aSorumluluk (Hukuk) _zTürkiye _2etuturkob |
|
| 999 |
_c200001286 _d28661 |
||
| 001 | 200001286 | ||
| 003 | TR-AnTOB | ||
| 005 | 20230721095827.0 | ||
| 007 | ta | ||
| 008 | 100714s2007 tu 000 0 | ||
| 020 | _a9789758875849 | ||
| 020 | _a9758875841 | ||
| 035 | _a(OCoLC)285183504 | ||
| 040 |
_aB9K _beng _erda _cB9K _dTR-AnTOB |
||
| 041 | 0 | _atur | |
| 050 | 0 | 0 | _aKKX828 |
| 090 |
_aKKX828 _b.B89 2007 |
||
| 100 | 1 |
_aBüyüksağiş, Erdem _eauthor _969599 |
|
| 245 | 1 | 0 |
_aYeni sosyo-ekonomik boyutuyla maddi zarar kavramı / _cYrd. Doç. Dr. Erdem Büyüksağiş. |
| 246 | 1 | 2 | _aMaddi zarar kavramı |
| 264 | 1 |
_aİstanbul : _bVedat Kitapçılık, _c2007. |
|
| 300 |
_a476 pages ; _c23 cm. |
||
| 336 |
_2rdacontent _atext _btxt |
||
| 337 |
_2rdamedia _aunmediated _bn |
||
| 338 |
_2rdacarrier _avolume _bnc |
||
| 490 | 0 |
_aVedat Kitapçılık; _v 101 |
|
| 504 | _aIncludes bibliographical references( pages19-37) | ||
| 650 | 7 |
_aZarar _zTürkiye _2etuturkob _976508 |
|
| 942 |
_cBK _2lcc |
||